Online
Catalog

Parlamento mundial, una voz latinoamericana : (Record no. 7418)

MARC details
000 -CABECERA
campo de control de longitud fija 00701cam a2200193 a 4500
001 - NÚMERO DE CONTROL
campo de control 000007638
005 - FECHA Y HORA DE LA ÚLTIMA TRANSACCIÓN
campo de control 20200929154237.0
008 - DATOS DE LONGITUD FIJA--INFORMACIÓN GENERAL
campo de control de longitud fija 850402s1984 ve a f001 0 spa
040 ## - FUENTE DE LA CATALOGACIÓN
Centro catalogador/agencia de origen DO-SdBNP
Centro/agencia transcriptor DLC
Centro/agencia modificador DLC
082 ## - NÚMERO DE LA CLASIFICACIÓN DECIMAL DEWEY
Número de clasificación 080.87
Número de documento/Ítem C146p
049 ## - FONDOS LOCALES (OCLC)
Fondos de biblioteca BNGR
100 1# - ENTRADA PRINCIPAL--NOMBRE DE PERSONA
Nombre de persona Caldera, Rafael.
Forma completa/desarrollada del nombre (Rafael Antonio Caldera Rodríguez),
Fechas asociadas al nombre 1916-
9 (RLIN) 21190
245 10 - MENCIÓN DE TÍTULO
Título Parlamento mundial, una voz latinoamericana :
Resto del título discursos del presidente, 1979-1982 /
Mención de responsabilidad, etc. Rafael Caldera.
260 ## - PUBLICACIÓN, DISTRIBUCIÓN, ETC.
Lugar de publicación, distribución, etc. Caracas, Venezuela :
Nombre del editor, distribuidor, etc. Congreso de la República,
Fecha de publicación, distribución, etc. 1984.
300 ## - DESCRIPCIÓN FÍSICA
Extensión 358 p. :
Otras características físicas il. ;
Dimensiones 22 cm.
610 10 - PUNTO DE ACCESO ADICIONAL DE MATERIA--NOMBRE DE ENTIDAD CORPORATIVA
Nombre de entidad corporativa o nombre de jurisdicción como elemento de entrada CALDERA RODRÍGUEZ, RAFAEL ANTONIO,
Fecha del congreso/reunión o de la firma de un tratado 1916-
9 (RLIN) 21191
650 #4 - PUNTO DE ACCESO ADICIONAL DE MATERIA--TÉRMINO DE MATERIA
Término de materia o nombre geográfico como elemento de entrada Discursos
9 (RLIN) 6584
910 ## - DATOS DE OPCIÓN DEL USUARIO (OCLC)
Datos de opción del usuario Catalogación por copia / LC
Holdings
Estado de retiro Estado de pérdida Restricciones de uso No para préstamo Código de colección Localización permanente Ubicación/localización actual Ubicación en estantería Fecha de adquisición Número de inventario Total de préstamos Signatura topográfica completa Código de barras Fecha visto por última vez Precio válido a partir de Tipo de ítem Koha
    Préstamo interno   Monografías: Libros y Folletos General General En catalogación 09.09.2009 LF1   080.87 C146p 7638-10 25.06.2020 25.06.2020 Préstamo interno

Powered by Koha